GMMTV Name a valid serie - Statistics

General Stats
  • This quiz has been taken 29 times
  • The average score is 27 of 30
Answer Stats
Actor Serie % Correct
Pond Fish upon the sky | Never let me go | We are | Me and Thee | Dirty laundry | Our skyy 2 | Loneliness Society | Leap Day
100%
Phuwin Fish upon the sky | Never let me go | We are | Me and Thee | Summer Night | Dalah: Death and the Flowers | The Warp Effect | Wednesday Club | Taste | My Bubble Tea | Cause You're My Boy | The Gifted Graduation | Our Skyy | Our Skyy 2 | The Charming Step Mom
100%
Boom Only Friends: Dream On | Dare You to Death | Memoir of Rati | Perfect 10 Liners | We Are | Hidden Agenda | Midnight Museum | The Three GentleBros | Good Old Days | Vice Versa | Oops! Mr.Superstar Hit on Me | Enchanté
100%
Aou Only Friends: Dream On | Dare You to Death | Memoir of Rati | The Ex-Morning | Perfect 10 Liners | We Are | Beauty Newbie | Hidden Agenda | You Are My Favorite | Our Skyy 2 | Midnight Museum | Vice Versa | Enchanté
100%
Force Lovers & Gangsters | Melody of Secrets | Perfect 10 Liners | Only Friends | Our Skyy 2 | A Boss and a Babe | Enchanté
96%
Book Lovers & Gangsters | Melody of Secrets | Perfect 10 Liners | Only Friends | Our Skyy 2 | A Boss and a Babe | Enchanté | Only Boo | The Three GentleBros | Friend Forever
96%
Santa Love You Teacher | Me and Thee | Perfect 10 Liners | Between Us | My Only 12% | 7 Project
96%
Perth Love You Teacher | Me and Thee | Perfect 10 Liners | Dangerous Romance | Double Savage | Never Let Me Go | 7 Project | Love by Chance | The Stranded | ReminderS | Love by Chance | Please... Siang Riak Winyan
96%
First Cat for Cash | My Magic Prophecy | The Heart Killers | Only Friends | Our Skyy 2 | Moonlight Chicken | The Eclipse
93%
Khaotung Cat for Cash | The Heart Killers | Only Friends | Home School | Our Skyy 2 | Moonlight Chicken | The Eclipse | Never Too Late | A Tale of Thousand Stars | Tonhon Chonlatee | 2gether | Blacklist | The Charming Step Mom | Cause You're My Boy | Astrophile | Not Me | Wake Up Ladies 2: Very Complicated |The Shipper | Blacklist | Wolf | Wake Up Ladies: The Series
93%
Joong Dare You to Death | The Heart Killers | Ploy's Yearbook | Hidden Agenda | Our Skyy 2 | The Warp Effect | Star and Sky: Sky in Your Heart | Mafia The Series: Guns and Freaks | Star in My Mind | 2 Moons 2: The Series
93%
Dunk Dare You to Death | The Heart Killers | Summer Night | Hidden Agenda | Our Skyy 2 | Star and Sky: Sky in Your Heart | Star in My Mind
93%
Earth Only Friends: Dream On | Ossan's Love | Ploy's Yearbook | Ha Rak Duai Jai Thoe | Our Skyy 2
Moonlight Chicken | Mama Gogo | Cupid's Last Wish | A Tale of Thousand Stars | Victory Lap
Theory of Love | Love by Chance | Kiss Me Again | Water Boyy
93%
Mix Only Friends: Dream On | Ossan's Love | The Jungle | Our Skyy 2 | Moonlight Chicken | Cupid's Last Wish | Fish Upon the Sky | A tale of thousand stars
93%
Neo Only Friends: Dream On | That Summer | Mu-Te-Luv | My Golden Blood | A Love So Beautiful | My Precious | Cooking Crush | Only Friends | Our Skyy 2 | The Eclipse | Vice Versa | Fish Upon the Sky | Tonhon Chonlatee | Girl Next Room: Security Love | Girl Next Room: Richy Rich | Girl Next Room: Midnight Fantasy | Girl Next Room | Wolf | Our Skyy | Cause You're My Boy
93%
Gemini The Dark Dice | Bites of Promise | My Love Mix-Up | Our Skyy 2 | Moonlight Chicken | My School President
93%
Fourth The Dark Dice | Bites of Promise | My Love Mix-Up | Our Skyy 2 | Moonlight Chicken | My School President | F4 Thailand : Boys over Flowers
93%
Off Burnout Syndrome | Break Up Service | The Trainee | Cooking Crush | The Jungle | Midnight Motel | 10 Years Ticket | Club Sapan Fine 2 | Astrophile | Not Me | 46 Wan | Girl2K | I'm Tee Me Too |Fai Sin Chua | Girl Next Room: Richy Rich | Girl Next Room: Midnight Fantasy | Theory of Love | Wolf | Our Skyy | Chuamong Tong Mon | Sotus S | Fabulous 30 | Bangkok Love Stories: Keep Love | U-Prince: The Ambitious Boss | Senior Secret Love: Puppy Honey 2 | Love Songs Love Series: Still Single | Sotus | Senior Secret Love: Puppy Honey | Room Alone 2 | Ugly Duckling Series: Pity Girl | Wifi Society: The Horror Home | Room Alone
89%
Gun Burnout Syndrome | Leap Day | The Trainee | Cooking Crush | Home School | Midnight Museum | The Three GentleBros | Club Sapan Fine 2 | The War of Flower | Not Me | I'm Tee Me Too | The Gifted Graduation | Khlap Sa Phaan Faai | Theory of Love | Our Skyy | Secret Seven: The Series | Senior Secret Love: Puppy Honey 2 | Yomabaan Jao Ka 2 | Senior Secret Love: Puppy Honey | ThirTEEN Terrors | Baan Bor | Jao Por Jum Pen Kub Jao Nu Ninja | Khun Mae Jum Lang | Koh Kaya Sith | This Person is our Father | Puen Ruk | Kerd Tae Tom | Ribbon Khiao Kap Klong Kradat Daeng | Gomin | Poot Pitsawat
89%
Nanon I Love "A Lot Of" You | Ossan's Love | My Precious | The Jungle | Our Skyy 2 | UMG | Dirty Laundry | Vice Versa | Never Too Late | Oh My Sweetheart | Bad Buddy | The Leaked | The Gifted Graduation | Turn Left Turn Right | Blacklist | Traffic | The Gifted | YOUniverse | Ways To Protect Relationship | My Dear Loser | The Legend of King Naresuan | Senior Secret Love: My Lil Boy 2 | Senior Secret Love: My Lil Boy | Wonder Teacher | Ugly Duckling Series: Don't
89%
Ohm Pawat My Cruel Cutie | Kidnap | My Precious | Wednesday Club | Our Skyy 2 | Double Sauvage | 10 Years Ticket | Club Sapan Fine 2 | Vice Versa | Bad Buddy | An Eye for an Eye | The Shipper | BlacklistHe's Coming To Me | Beauty Boy: The Series | Bangkok Ghost Stories | Make It Right 2 | War of High School | Haunted | Make It Right
89%
Jimmy My Magic Prophecy | Sweet Tooth, Good Dentist | Ploy's Yearbook | Last Twilight | Our Skyy 2 | Vice Versa | Enchanté | Bad Buddy
89%
Sea Tawinan My Magic Prophecy | The Trainee | Last Twilight | Our Skyy 2 | Vice Versa | Never Too Late
89%
Joss Only Friends: Dream On | My Golden Blood | Loneliness Society | Mama Gogo | Nabi, My Stepdarling | Friend Zone 2 | Fai Sin Chua | Game Rak Ao Keun | 3 Will Be Free | Friend Zone
86%
Gawin Only Friends: Dream On | That Summer | Hide & Sis | My Golden Blood | Perfect 10 Liners | You Are My Favorite | Oops! Mr.Superstar Hit on Me | Enchanté | Not Me | Girl Next Room | Dark Blue Kiss | Kiss Me Again
86%
Love Girl Rules | Whale Store xoxo | 23.5 | Home School | Our Skyy 2 | Bad Buddy | 2gether | Blacklist
75%
Milk Girl Rules | Whale Store xoxo | Only Boo | 23.5 | Our Skyy 2 | Bad Buddy | UMG | Oops! Mr.Superstar Hit on Me | F4 Thailand : Boys over Flowers
75%
June Dare You to Death | Whale Store xoxo | High School Frenemy | Ploy's Yearbook | 23.5 | Faceless Love | Dangerous Romance | 10 Years Ticket | Never Let Me Go | The Three GentleBros | The War of Flowers | F4 Thailand: Boys over Flowers | Mr. Lipstick | Girl Next Room: Richy Rich | Turn Left Turn Right
71%
Namtan Girl Rules | That Summer | Enigma 2 | Pluto | Lawless Lawyer | Ploy's Yearbook | Last Twilight | UMG | Midnight Museum | Good Old Days | My Dear Donovan | Vice Versa | Mongkut Karma | Drag, I Love You | The Player | Romantic Blue | Wake Up Ladies 2: Very Complicated | Friend Zone 2: Dangerous Area | The Gifted Graduation | WHO ARE YOU | A Gift to the People You Hate | Love Beyond Frontier | Friend Zone | Wake Up Ladies: The Series | My Dear Loser Series: Monster Romance | Love Songs Love Series: Oh | U-Prince: The Ambitious Boss | Slam Dance | U-Prince: The Badly Politics | U-Prince: The Crazy Artist | Senior Secret Love: Puppy Honey 2 | U-Prince: The Lovely Geologist
71%
Ciize Boys in Love | ThamePo Heart That Skips a Beat | Pluto | We Are | 23.5 | The Warp Effect | Mama Gogo | Star in My Mind | The Comments | Ruk Woon Wai Jao Chai Kob | Tonhon Chonlatee | WHO ARE YOU | Boy For Rent | Cause You're My Boy | YOUniverse | Teenage Mom | My Dear Loser Series: Edge of 17 | Water Boyy | Lovey Dovey | Kiss the Series | Wonder Teacher: The Series
68%
No matching quizzes found
Score Distribution
Percent of People with Each Score
Percentile by Number Answered
Your Score History
You have not taken this quiz